Responses for show #6201 - Monday, July 25, 2011

Contestants

[<< previous game]

Maggie Diamond, a university development writer originally from St. Louis, Missouri

Edgar Mihelic, an educator from Chicago, Illinois

Linda Percy, a retired emergency room physician from Connellsville, Pennsylvania (whose 1-day cash winnings total $31,600)

[next game >>]

Jeopardy! Round responses

HOW CONTINENTAL!
THE NEW YORK TIMES BEST 1,000 MOVIES EVER MADE
ORGANIZATIONS FOR SHORT
PULITZER-WINNING NOVELS
TIME PIECES
EASY AS B_C_D
(Alex: Each correct response will begin with a "B", there'll be a "C" somewhere in the middle, and each correct response will end with a "D".)
    $200 11
Antarctica

Edgar
    $200 21
King Kong

Maggie
    $200 6
the American Medical Association

Edgar
    $200 1
Clay

Linda
    $200 16
Omega

Linda
    $200 26
a bald-faced (or bare-faced) lie

Maggie
    $400 12
(Maggie: What is Africa?)

Australia

LindaMaggie
    $400 22
Citizen Kane

Edgar
    $400 7
the National Association for the Advancement of Colored People

Linda
    $400 2
Independence Day

Linda
    $400 17
phases of the moon

Linda
    $400 27
bounced

Edgar
    $600 13
(Edgar: What is Asia?)
...
(Alex: Yes, Lake Tanganyika.)

Africa

LindaEdgar
    $600 23
The Breakfast Club

Maggie
    $600 8
the American Kennel Club

Linda
    $600 3
The Caine Mutiny

Linda
    $600 18
(Edgar: Who is Queen Victoria?)

Marie Antoinette

LindaEdgar
    $600 28
a backboard

Edgar
    $800 14
Asia

Edgar
    $800 24
Casablanca

Linda
    $800 9
the Knights of Columbus

Edgar
    $800 4
The Hours

Linda
    $800 19
(Edgar: What is latitude?)

longitude

LindaEdgar
    $800 29
bachelorhood

Edgar
    $1000 15
(Alex: That would be Angel Falls.)

South America

Maggie
    $1000 25
Driving Miss Daisy

Maggie
    $1000 10
the Sons of the American Revolution

Maggie
    $1000 5
All the King's Men

Edgar
    $1000 20
Switzerland

Edgar
    $1000 30
bicuspid

Linda

Scores at the first commercial break (after clue 15):

Linda Edgar Maggie
$4,000 $2,400 $1,600

Scores at the end of the Jeopardy! Round:

Linda Edgar Maggie
$7,800 $4,200 $3,600

Double Jeopardy! Round responses

THE DEFIANT ONES
U.S. COUNTIES
ALSO A BLOOD TYPE
"W"HAT?
IN GOD'S NAME
ARE YOU EATING?
    $400 26
Gandhi

Edgar
    $400 8
Maine

Linda
    $400 6
AB

Linda
    $400 15
a wetsuit

Edgar
    $400 13
Apollo Creed

Linda
    $400 1
poi

Linda
    $800 27
the Black Panthers

Maggie
    $800 9
New York

Linda
    $800 7
O

Edgar
    $800 22
a wormhole

Maggie
    $800 14
Vulcan

Maggie
    $800 2
(Edgar: What are lobsters?)
(Linda: What are clams?)

seaweed

LindaEdgar
Triple Stumper
    $2,000 28
(Maggie: What is Myanmar?)

Rangoon (or Yangon)

Maggie
    $1200 16
Florida

Edgar
    $2,000 10
B+ (be positive)

Linda
    $1200 23
a waterwheel

Edgar
    $1200 19
Juno

Linda
    $1200 3
kimchee

Maggie
    $1600 29
(Edgar: Who is Duvalier?)

Fulgencio Batista

Edgar
Triple Stumper
    $1600 17
(Maggie: What is the Monongahela?)

the Allegheny

LindaMaggie
    $1600 11
A- (a negative)

Linda
    $1600 24
a winch

Linda
    $1600 20
(Linda: What are Saturns?)
(Edgar: What are Apollos?)

Titans

LindaEdgar
Triple Stumper
    $1600 4
scrapple

Linda
    $2000 30
the Partisans (the People's Liberation Army)

Triple Stumper
    $2000 18
Cibola

Linda
    $2000 12
(Linda: What is B?)
[ERRATUM: The sixth tone in the scale of C minor is A-flat; the clue should have said C major. Alex pointed out this error in a post-show clip aired during the commercial break, and noted that it did not affect the outcome of the game.]

A

Linda
Triple Stumper
    $2000 25
a warthog

Maggie
    $2000 21
a Mars Bar

Triple Stumper
    $2000 5
a whelk

Maggie

Scores at the end of the Double Jeopardy! Round:

Linda Edgar Maggie
$17,400 $4,200 $7,600
(lock game)

[wagering suggestions for these scores]

Final Jeopardy! Round responses

BOOKS ABOUT BOOKS
EdgarWhat is the Oxford English Dictionary
$4,198
MaggieWhat is Websters Dictio
$3,000
LindaWhat is the Oxford English Dictionary
$1,000
the Oxford English Dictionary

Final scores:

Linda Edgar Maggie
$18,400 $8,398 $4,600
2-day champion: $50,000 2nd place: $2,000 3rd place: $1,000

Game dynamics:

Coryat scores:

Linda Edgar Maggie
$16,600 $4,200 $9,600
26 R
(including 2 DDs),
3 W
15 R,
6 W
12 R,
3 W
(including 1 DD)

Combined Coryat: $30,400

The J! Archive is created by fans, for fans. The Jeopardy! game show and all elements thereof, including but not limited to copyright and trademark thereto, are the property of Jeopardy Productions, Inc. and are protected under law. This website is not affiliated with, sponsored by, or operated by Jeopardy Productions, Inc. Join the discussion at JBoard.tv.